[Event "Manfred-Bosbach-Turnier/44.OStM"]
[Site "Bergisch Gladbach"]
[Date "2024.08.23"]
[Round "1.2"]
[White "Hertling, Jürgen"]
[Black "Gelsok, Philipp"]
[Result "0-1"]
[WhiteElo "1725"]
[BlackElo "2049"]
[PlyCount "76"]
[EventDate "2024.??.??"]
[EventType "swiss"]
[EventRounds "7"]
[SourceVersionDate "2024.08.26"]

1. d4 f5 2. Bg5 g6 3. Nc3 Bg7 4. h4 h6 5. Bf4 Nf6 6. Qd2 d6 7. O-O-O e6 8. f3
Nh5 9. Nh3 Nc6 10. d5 exd5 11. Nxd5 Be6 12. e4 fxe4 13. fxe4 Ne5 14. Be2 Qd7
15. Qa5 Bxd5 16. Qxd5 O-O-O 17. Be3 Ng3 18. Rhe1 Nxe2+ 19. Rxe2 Qc6 20. Qxc6
bxc6 21. Nf4 Rde8 22. Bd4 Rhg8 23. Nd3 Nxd3+ 24. Rxd3 Bxd4 25. Rxd4 Re5 26. c4
g5 27. hxg5 Rgxg5 28. Kd2 Rg4 29. Kd3 Reg5 30. e5 Rg3+ 31. Kc2 Rxg2 32. Rdd2
Rxe2 33. Rxe2 dxe5 34. Kd3 Kd7 35. b3 Ke6 36. Ke4 h5 37. Rf2 h4 38. Rf8 Rh5 0-1

[Event "Manfred-Bosbach-Turnier/44.OStM"]
[Site "Bergisch Gladbach"]
[Date "2024.09.13"]
[Round "4.1"]
[White "Gelsok, Philipp"]
[Black "Rosenauer, Horst"]
[Result "1-0"]
[WhiteElo "2049"]
[BlackElo "1863"]
[PlyCount "35"]
[EventDate "2024.??.??"]
[EventType "swiss"]
[EventRounds "7"]
[SourceVersionDate "2024.08.26"]

1. e4 e6 2. d4 d5 3. e5 c5 4. c3 Nc6 5. Nf3 Qb6 6. Bd3 Bd7 7. dxc5 Bxc5 8. O-O
Qc7 9. b4 Be7 10. Re1 f6 11. Bf4 f5 12. Qd2 h6 13. Bxf5 g5 14. Bg6+ Kd8 15. Bg3
Rc8 16. Bf7 Qb6 17. Qd3 Kc7 18. Qg6 1-0

[Event "Manfred-Bosbach-Turnier/44.OStM"]
[Site "Bergisch Gladbach"]
[Date "2024.09.13"]
[Round "4.2"]
[White "Themm, Rainer"]
[Black "Harringer, Manfred"]
[Result "1-0"]
[WhiteElo "1842"]
[BlackElo "1960"]
[PlyCount "81"]
[EventDate "2024.??.??"]
[EventType "swiss"]
[EventRounds "7"]
[SourceVersionDate "2024.08.26"]

1. d4 Nf6 2. c4 e6 3. Nc3 Bb4 4. Qc2 c5 5. e3 O-O 6. Nf3 Nc6 7. a3 Bxc3+ 8.
bxc3 d5 9. a4 cxd4 10. cxd4 Ne4 11. Bd2 Nxd2 12. Nxd2 e5 13. dxe5 Nxe5 14. Be2
d4 15. exd4 Qxd4 16. O-O Bg4 17. Bxg4 Qxg4 18. h3 Qf4 19. Rfe1 Rfd8 20. Re2 Nd3
21. Nf3 Qf6 22. Rd1 Nc5 23. Rde1 Ne6 24. Qe4 Rab8 25. Qg4 Qg6 26. Qh4 Qf6 27.
Qxf6 gxf6 28. Re4 f5 29. Re5 f4 30. Rf5 Kg7 31. Ne5 f6 32. Ng4 h5 33. Rxh5 Rd6
34. Rd5 Rc6 35. h4 Rh8 36. h5 f5 37. Rxf5 Rd8 38. Rf6 Rdd6 39. Rg6+ Kf8 40. h6
Nd8 41. h7 1-0

[Event "Manfred-Bosbach-Turnier/44.OStM"]
[Site "Bergisch Gladbach"]
[Date "2024.09.13"]
[Round "4.3"]
[White "Rohleder, Traugott"]
[Black "Wieferig, Wolfgang"]
[Result "0-1"]
[WhiteElo "1721"]
[BlackElo "2170"]
[PlyCount "28"]
[EventDate "2024.??.??"]
[EventType "swiss"]
[EventRounds "7"]
[SourceVersionDate "2024.08.26"]

1. c4 c6 2. Nc3 d5 3. cxd5 cxd5 4. Nf3 Nc6 5. d3 d4 6. Ne4 e5 7. g3 f5 8. Ned2
Nf6 9. a3 e4 10. dxe4 fxe4 11. Ng5 Qa5 12. Ngxe4 Nxe4 13. b4 Qf5 14. Nf3 a5 0-1

[Event "Manfred-Bosbach-Turnier/44.OStM"]
[Site "Bergisch Gladbach"]
[Date "2024.09.13"]
[Round "4.4"]
[White "Nichte, Philipp"]
[Black "Müller, Aaron"]
[Result "1/2-1/2"]
[WhiteElo "1754"]
[BlackElo "1770"]
[PlyCount "39"]
[EventDate "2024.??.??"]
[EventType "swiss"]
[EventRounds "7"]
[SourceVersionDate "2024.08.26"]

1. e4 c6 2. d4 d5 3. f3 e6 4. Nc3 Bb4 5. Bd2 Ne7 6. a3 Bxc3 7. Bxc3 Nd7 8. Qd2
h6 9. Bd3 b6 10. Nh3 Qc7 11. Qf2 a5 12. O-O Ba6 13. Bxa6 Rxa6 14. Bd2 Ng6 15.
e5 Ne7 16. c3 a4 17. g4 h5 18. Nf4 g6 19. Qh4 Rg8 20. Nh3 1/2-1/2

[Event "Manfred-Bosbach-Turnier/44.OStM"]
[Site "Bergisch Gladbach"]
[Date "2024.09.13"]
[Round "4.5"]
[White "Gutt, Oswald"]
[Black "Lobbes, Frank"]
[Result "1/2-1/2"]
[WhiteElo "1797"]
[BlackElo "1808"]
[PlyCount "62"]
[EventDate "2024.??.??"]
[EventType "swiss"]
[EventRounds "7"]
[SourceVersionDate "2024.08.26"]

1. e4 d6 2. d4 Nf6 3. Nc3 g6 4. Nf3 Bg7 5. h3 c6 6. a4 O-O 7. Be2 Re8 8. O-O
Qc7 9. Be3 e5 10. dxe5 dxe5 11. a5 Nbd7 12. Bc4 Nf8 13. Ng5 Be6 14. Qe2 h6 15.
Nxe6 Nxe6 16. Bxe6 Rxe6 17. Qc4 Re7 18. Rfd1 Rd7 19. Rxd7 Qxd7 20. Rd1 Qc7 21.
b4 Rd8 22. Rxd8+ Qxd8 23. Bxa7 Qd2 24. Qd3 Qe1+ 25. Kh2 Bf8 26. Qc4 Qd2 27. Qb3
c5 28. Bxc5 Bxc5 29. bxc5 Qf4+ 30. Kg1 Qc1+ 31. Kh2 Qf4+ 1/2-1/2

[Event "Manfred-Bosbach-Turnier/44.OStM"]
[Site "Bergisch Gladbach"]
[Date "2024.09.13"]
[Round "4.6"]
[White "Eilers, Jochen"]
[Black "Nölle, Michael"]
[Result "1-0"]
[WhiteElo "1931"]
[BlackElo "1382"]
[PlyCount "45"]
[EventDate "2024.??.??"]
[EventType "swiss"]
[EventRounds "7"]
[SourceVersionDate "2024.08.26"]

1. c4 e5 2. g3 Bc5 3. Bg2 Qf6 4. e3 Ne7 5. Nc3 O-O 6. Nge2 d6 7. O-O Nbc6 8. a3
a6 9. b4 Ba7 10. Bb2 Be6 11. Nd5 Bxd5 12. cxd5 Nd8 13. f4 Qh6 14. Rc1 c6 15.
dxc6 Nexc6 16. Kh1 f6 17. Qb3+ Kh8 18. a4 Qh5 19. Bf3 Qh3 20. b5 Na5 21. Qb4
Bb6 22. Qxd6 Qe6 23. Qxf8+ 1-0

[Event "Manfred-Bosbach-Turnier/44.OStM"]
[Site "Bergisch Gladbach"]
[Date "2024.09.13"]
[Round "4.7"]
[White "Klein, Dieter"]
[Black "Müller, Andreas"]
[Result "1/2-1/2"]
[WhiteElo "1498"]
[BlackElo "1754"]
[PlyCount "27"]
[EventDate "2024.??.??"]
[EventType "swiss"]
[EventRounds "7"]
[SourceVersionDate "2024.08.26"]

1. e4 c5 2. d4 cxd4 3. c3 Nf6 4. e5 Nd5 5. cxd4 Nc6 6. Nf3 d6 7. exd6 Qxd6 8.
Nc3 e6 9. Bc4 Nb6 10. Bb3 Be7 11. O-O O-O 12. Be3 Nd5 13. Bg5 h6 14. Bxe7
1/2-1/2

[Event "Manfred-Bosbach-Turnier/44.OStM"]
[Site "Bergisch Gladbach"]
[Date "2024.09.13"]
[Round "4.8"]
[White "Weiser, Till Merlin"]
[Black "Hertling, Jürgen"]
[Result "1/2-1/2"]
[WhiteElo "941"]
[BlackElo "1725"]
[PlyCount "53"]
[EventDate "2024.??.??"]
[EventType "swiss"]
[EventRounds "7"]
[SourceVersionDate "2024.08.26"]

1. d4 Nf6 2. c4 g6 3. Nc3 d5 4. Nf3 Bg7 5. Bg5 e6 6. cxd5 exd5 7. Qb3 c6 8. e3
O-O 9. Bd3 b6 10. O-O Be6 11. Rac1 Nbd7 12. Na4 Qc7 13. Bf4 Qb7 14. Ne5 Nxe5
15. Bxe5 Nd7 16. Bxg7 Kxg7 17. Nc5 Nxc5 18. Rxc5 Qd7 19. Rc2 Rac8 20. Rfc1 Bf5
21. Bxf5 Qxf5 22. Qa4 c5 23. dxc5 bxc5 24. Qxa7 Ra8 25. Qxc5 Rxa2 26. Qd4+ Kg8
27. h3 1/2-1/2

[Event "Manfred-Bosbach-Turnier/44.OStM"]
[Site "Bergisch Gladbach"]
[Date "2024.09.13"]
[Round "4.10"]
[White "Ehmann, Florian"]
[Black "Zimmermann, Wolfgang"]
[Result "1-0"]
[WhiteElo "1254"]
[BlackElo "1164"]
[PlyCount "45"]
[EventDate "2024.??.??"]
[EventType "swiss"]
[EventRounds "7"]
[SourceVersionDate "2024.08.26"]

1. e4 c5 2. Nf3 e6 3. d4 cxd4 4. Nxd4 Nc6 5. Nc3 a6 6. Nxc6 bxc6 7. Bd3 Nf6 8.
Bg5 Be7 9. O-O Bb7 10. f4 d5 11. e5 Nd7 12. Qh5 g6 13. Qf3 Bxg5 14. fxg5 O-O
15. Qf4 Rb8 16. Rae1 Qb6+ 17. Kh1 Qxb2 18. Nd1 Qxa2 19. Nf2 Qa5 20. Ng4 c5 21.
Nf6+ Nxf6 22. gxf6 Qb4 23. Qh6 1-0

[Event "Manfred-Bosbach-Turnier/44.OStM"]
[Site "Bergisch Gladbach"]
[Date "2024.09.13"]
[Round "4.11"]
[White "Limburg, Leonhard"]
[Black "Steinhausen, Karl-Heinz"]
[Result "0-1"]
[WhiteElo "1311"]
[BlackElo "1035"]
[PlyCount "112"]
[EventDate "2024.??.??"]
[EventType "swiss"]
[EventRounds "7"]
[SourceVersionDate "2024.08.26"]

1. e4 c5 2. Nf3 d6 3. d4 Nc6 4. d5 Ne5 5. Nxe5 dxe5 6. c4 Nf6 7. Nc3 e6 8. Bg5
Be7 9. Bd3 exd5 10. exd5 O-O 11. Qc2 g6 12. O-O-O Kg7 13. f3 a6 14. Rde1 Qd6
15. g4 b5 16. b3 Bd7 17. h4 Rh8 18. Bxf6+ Qxf6 19. Qe2 Bd6 20. g5 Qf4+ 21. Kc2
bxc4 22. bxc4 a5 23. Ne4 Be7 24. d6 Bd8 25. Nxc5 Bf5 26. Qxe5+ Qxe5 27. Rxe5
Bxd3+ 28. Kxd3 Bb6 29. Nd7 Bd8 30. c5 Rc8 31. Rb1 a4 32. Rb7 a3 33. Ra7 h6 34.
Rxa3 hxg5 35. hxg5 Rh3 36. Ke4 Rg3 37. f4 Rxa3 38. c6 Rxc6 39. Rd5 Ra4+ 40. Ke5
Rxa2 41. Ke4 Re2+ 42. Kf3 Re6 43. Ne5 Rcxd6 44. Rb5 Bc7 45. Rb7 Ba5 46. Rxf7+
Kg8 47. Ra7 Bc3 48. Ra8+ Kg7 49. Ra7+ Kf8 50. Ra8+ Ke7 51. Ra7+ Kd8 52. Ra8+
Kc7 53. Ra7+ Kb6 54. Rg7 Bxe5 55. fxe5 Rxe5 56. Rg8 Rxg5 0-1

[Event "Manfred-Bosbach-Turnier/44.OStM"]
[Site "Bergisch Gladbach"]
[Date "2024.09.13"]
[Round "4.12"]
[White "Schüers, Christian"]
[Black "Schneider, Erich"]
[Result "0-1"]
[WhiteElo "1392"]
[BlackElo "1289"]
[PlyCount "54"]
[EventDate "2024.??.??"]
[EventType "swiss"]
[EventRounds "7"]
[SourceVersionDate "2024.08.26"]

1. e4 c5 2. Nf3 g6 3. c3 Bg7 4. Bc4 e6 5. O-O d5 6. exd5 exd5 7. Re1+ Ne7 8.
Bb3 O-O 9. d4 cxd4 10. Nxd4 Nbc6 11. Be3 Nxd4 12. Bxd4 Bxd4 13. Qxd4 Be6 14.
Nd2 Nf5 15. Qe5 Qd6 16. Qxd6 Nxd6 17. Nf3 Nc4 18. Bxc4 dxc4 19. Nd4 Rfe8 20.
Re3 Bd7 21. Rae1 Rxe3 22. Rxe3 Re8 23. Rxe8+ Bxe8 24. f4 f5 25. Kf2 Kf7 26. Ke3
Ke7 27. Nb5 Bxb5 0-1

[Event "Manfred-Bosbach-Turnier/44.OStM"]
[Site "Bergisch Gladbach"]
[Date "2024.09.20"]
[Round "5.1"]
[White "Themm, Rainer"]
[Black "Gelsok, Philipp"]
[Result "0-1"]
[WhiteElo "1842"]
[BlackElo "2049"]
[PlyCount "114"]
[EventDate "2024.??.??"]
[EventType "swiss"]
[EventRounds "7"]
[SourceVersionDate "2024.08.26"]

1. d4 Nf6 2. Nf3 c5 3. d5 e6 4. c4 b5 5. e3 Bb7 6. cxb5 Bxd5 7. Nc3 Bb7 8. Bd3
d5 9. O-O Nbd7 10. Re1 Be7 11. Ne2 e5 12. Bc2 e4 13. Nd2 h5 14. f3 exf3 15.
Nxf3 Qc7 16. Nf4 Ne5 17. Nxe5 Qxe5 18. Bd2 Ne4 19. Nd3 Qg5 20. Nf4 Qe5 21. Nd3
Qg5 22. Nf4 Nxd2 23. Qxd2 O-O 24. Bd1 d4 25. Nh3 Qf6 26. exd4 cxd4 27. Bc2 Bd6
28. Be4 Rab8 29. a4 Bc8 30. Qg5 Qxg5 31. Nxg5 Bf4 32. Nf3 Be3+ 33. Kh1 Be6 34.
Ne5 f5 35. Bc6 f4 36. Ra3 Rf5 37. Nf3 Rc5 38. h4 g6 39. Nxd4 Bg4 40. Nf3 Rd8
41. Raa1 Kg7 42. Re2 Kf6 43. Kh2 Rd6 44. Be4 Rc4 45. Bc6 Ke7 46. b3 Rc3 47. Rb2
Bf5 48. Re1 Kd8 49. Ne5 Kc7 50. Nc4 Rd8 51. Nxe3 fxe3 52. Bf3 Rd4 53. Kg3 Rb4
54. Bd1 e2+ 55. Kf2 exd1=Q 56. Rxd1 Rcxb3 57. Rc1+ Kb7 0-1

[Event "Manfred-Bosbach-Turnier/44.OStM"]
[Site "Bergisch Gladbach"]
[Date "2024.09.20"]
[Round "5.2"]
[White "Wieferig, Wolfgang"]
[Black "Rosenauer, Horst"]
[Result "1-0"]
[WhiteElo "2170"]
[BlackElo "1863"]
[PlyCount "57"]
[EventDate "2024.??.??"]
[EventType "swiss"]
[EventRounds "7"]
[SourceVersionDate "2024.08.26"]

1. e4 d5 2. exd5 Nf6 3. c4 c6 4. d4 cxd5 5. Nc3 Nc6 6. Bg5 Ne4 7. Nxe4 dxe4 8.
d5 Nb8 9. Ne2 Qb6 10. Qc2 Qg6 11. Be3 b6 12. Nc3 f5 13. O-O-O Bd7 14. f3 exf3
15. gxf3 Na6 16. a3 O-O-O 17. Nb5 Kb7 18. Qa4 Bxb5 19. cxb5 Nc7 20. Bf4 Nxd5
21. Rxd5 Rc8+ 22. Kb1 a5 23. bxa6+ Ka8 24. Bb5 e5 25. Bxe5 Bc5 26. Rhd1 Qe6 27.
f4 Rhg8 28. Rd7 Be7 29. Be2 1-0

[Event "Manfred-Bosbach-Turnier/44.OStM"]
[Site "Bergisch Gladbach"]
[Date "2024.09.20"]
[Round "5.3"]
[White "Lobbes, Frank"]
[Black "Nichte, Philipp"]
[Result "1/2-1/2"]
[WhiteElo "1808"]
[BlackElo "1754"]
[PlyCount "51"]
[EventDate "2024.??.??"]
[EventType "swiss"]
[EventRounds "7"]
[SourceVersionDate "2024.08.26"]

1. c4 Nf6 2. Nc3 e6 3. g3 d5 4. cxd5 exd5 5. d4 c6 6. Bg2 Bd6 7. Nf3 O-O 8. O-O
Re8 9. Qc2 Nbd7 10. Nh4 Nf8 11. e4 dxe4 12. Nxe4 Nxe4 13. Bxe4 Be7 14. Nf3 Be6
15. Be3 Bd5 16. Rfd1 Bf6 17. Ne5 Bxe5 18. dxe5 Rxe5 19. Bg2 Qe7 20. Bxd5 Rxd5
21. Rxd5 cxd5 22. Rd1 a6 23. Rxd5 Rd8 24. Rxd8 Qxd8 25. Qe4 Qc8 26. f4 1/2-1/2

[Event "Manfred-Bosbach-Turnier/44.OStM"]
[Site "Bergisch Gladbach"]
[Date "2024.09.20"]
[Round "5.5"]
[White "Harringer, Manfred"]
[Black "Klein, Dieter"]
[Result "1-0"]
[WhiteElo "1960"]
[BlackElo "1498"]
[PlyCount "69"]
[EventDate "2024.??.??"]
[EventType "swiss"]
[EventRounds "7"]
[SourceVersionDate "2024.08.26"]

1. e4 d5 2. exd5 Nf6 3. Nf3 Nxd5 4. d4 c6 5. c4 Nf6 6. Be2 g6 7. O-O Bg7 8. Nc3
O-O 9. Bf4 Nh5 10. Be3 Bg4 11. h3 Bxf3 12. Bxf3 Nf6 13. Qd2 Nbd7 14. Rad1 e5
15. d5 c5 16. Rfe1 Re8 17. Bg5 a6 18. d6 Rb8 19. Nd5 Nb6 20. b3 Nbxd5 21. Bxd5
Qd7 22. Qe3 Nxd5 23. Rxd5 f6 24. Bh6 b6 25. Bxg7 Kxg7 26. Qc3 Re6 27. Red1 Rc8
28. b4 Rc6 29. Qd2 cxb4 30. Qxb4 a5 31. Qb5 Rexd6 32. Rxd6 Qxd6 33. Rxd6 Rxd6
34. Kh2 Rd2 35. Qxb6 1-0

[Event "Manfred-Bosbach-Turnier/44.OStM"]
[Site "Bergisch Gladbach"]
[Date "2024.09.20"]
[Round "5.7"]
[White "Hertling, Jürgen"]
[Black "Ehmann, Florian"]
[Result "1-0"]
[WhiteElo "1725"]
[BlackElo "1254"]
[PlyCount "81"]
[EventDate "2024.??.??"]
[EventType "swiss"]
[EventRounds "7"]
[SourceVersionDate "2024.08.26"]

1. d4 Nf6 2. c4 e6 3. Nc3 Bb4 4. Qc2 d5 5. a3 Bxc3+ 6. Qxc3 Nbd7 7. Nf3 Qe7 8.
Bf4 c5 9. e3 h6 10. h3 O-O 11. Bd3 Nb6 12. b3 Rd8 13. O-O Nbd7 14. b4 Ne4 15.
Qb2 cxb4 16. axb4 Ndf6 17. c5 Bd7 18. b5 Rdc8 19. Rfc1 Be8 20. Ne5 Nd7 21. f3
Nxe5 22. Bxe5 Nf6 23. Bd6 Qd8 24. e4 Bd7 25. Rc2 Ne8 26. Bf4 Qh4 27. Be3 Nf6
28. Bf2 Qf4 29. Qc1 Qc7 30. e5 Ne8 31. Ra3 g5 32. Rac3 Ng7 33. c6 bxc6 34. bxc6
Be8 35. Ba6 Rd8 36. Bb7 Rab8 37. Rb3 Nf5 38. Qa3 Rxb7 39. Rxb7 Qc8 40. c7 Rd7
41. Rb8 1-0

[Event "Manfred-Bosbach-Turnier/44.OStM"]
[Site "Bergisch Gladbach"]
[Date "2024.09.20"]
[Round "5.8"]
[White "Schneider, Erich"]
[Black "Weiser, Till Merlin"]
[Result "1/2-1/2"]
[WhiteElo "1289"]
[BlackElo "941"]
[PlyCount "52"]
[EventDate "2024.??.??"]
[EventType "swiss"]
[EventRounds "7"]
[SourceVersionDate "2024.08.26"]

1. d4 Nf6 2. c4 e6 3. g3 d5 4. Nf3 Bb4+ 5. Bd2 Be7 6. Bg2 O-O 7. O-O Nbd7 8.
Qc2 c6 9. Bf4 Ne4 10. Nc3 f5 11. Nxe4 dxe4 12. Ne5 g5 13. Nxd7 Bxd7 14. Be5 Bf6
15. Bxf6 Qxf6 16. Rad1 Be8 17. e3 Bh5 18. Rd2 Bf3 19. Qb3 Rf7 20. d5 exd5 21.
cxd5 cxd5 22. Rxd5 Be2 23. Rc1 Re8 24. Rd7 Ree7 25. Rxe7 Qxe7 26. Bf1 Bxf1
1/2-1/2

[Event "Manfred-Bosbach-Turnier/44.OStM"]
[Site "Bergisch Gladbach"]
[Date "2024.09.20"]
[Round "5.10"]
[White "Zimmermann, Wolfgang"]
[Black "Limburg, Leonhard"]
[Result "1-0"]
[WhiteElo "1164"]
[BlackElo "1311"]
[PlyCount "115"]
[EventDate "2024.??.??"]
[EventType "swiss"]
[EventRounds "7"]
[SourceVersionDate "2024.08.26"]

1. d4 d5 2. c4 e5 3. dxe5 d4 4. Nf3 Nc6 5. e3 dxe3 6. Qxd8+ Nxd8 7. Bxe3 Be6 8.
a3 Nc6 9. Nbd2 Nge7 10. Rc1 g6 11. Ng5 Nxe5 12. Nxe6 fxe6 13. Be2 O-O-O 14. O-O
Nf5 15. Bg5 Be7 16. Ne4 Nd4 17. Rfe1 Nxe2+ 18. Rxe2 Bxg5 19. Nxg5 Rd3 20. Rxe5
Rhd8 21. Ree1 e5 22. Nf7 Rf8 23. Nxe5 Rd2 24. Rf1 Rxb2 25. f3 Ra2 26. Ra1 Re2
27. Rfe1 Rc2 28. a4 Rd8 29. Red1 Re8 30. Re1 Rd8 31. Rad1 Rf8 32. a5 Ra2 33.
Rd7 Re8 34. Rxh7 Rxa5 35. Nd3 Rxe1+ 36. Nxe1 Rc5 37. Rh4 g5 38. Rg4 a5 39. Nd3
Rf5 40. Kf2 b6 41. f4 gxf4 42. Kf3 a4 43. Rg8+ Kb7 44. Re8 a3 45. Re1 a2 46.
Ra1 Ra5 47. Kxf4 Kc6 48. Nc1 Kc5 49. Rxa2 Rxa2 50. Nxa2 Kxc4 51. h4 Kb3 52.
Nc1+ Kb2 53. Nd3+ Kc3 54. Ke4 b5 55. h5 b4 56. Nxb4 Kxb4 57. Kd3 c5 58. Kc2 1-0

[Event "Manfred-Bosbach-Turnier/44.OStM"]
[Site "Bergisch Gladbach"]
[Date "2024.09.27"]
[Round "6.1"]
[White "Gelsok, Philipp"]
[Black "Wieferig, Wolfgang"]
[Result "1-0"]
[WhiteElo "2049"]
[BlackElo "2170"]
[PlyCount "33"]
[EventDate "2024.??.??"]
[EventType "swiss"]
[EventRounds "7"]
[SourceVersionDate "2024.08.26"]

1. e4 e5 2. Nf3 Nc6 3. Bb5 Nd4 4. Nxd4 exd4 5. O-O Bc5 6. d3 Ne7 7. Qh5 Bb6 8.
Bg5 O-O 9. Bc4 d6 10. Qh4 Re8 11. f4 Be6 12. Bxe6 fxe6 13. Rf3 Qd7 14. Rh3 Ng6
15. Qxh7+ Kf7 16. Rh6 Nf8 17. Rf6+ 1-0

[Event "Manfred-Bosbach-Turnier/44.OStM"]
[Site "Bergisch Gladbach"]
[Date "2024.09.27"]
[Round "6.2"]
[White "Eilers, Jochen"]
[Black "Themm, Rainer"]
[Result "1/2-1/2"]
[WhiteElo "1931"]
[BlackElo "1842"]
[PlyCount "70"]
[EventDate "2024.??.??"]
[EventType "swiss"]
[EventRounds "7"]
[SourceVersionDate "2024.08.26"]

1. c4 c5 2. Nf3 Nc6 3. d4 cxd4 4. Nxd4 g6 5. e4 Bg7 6. Be3 d6 7. Nc3 Nf6 8. Be2
O-O 9. O-O Bd7 10. f3 Ne5 11. Qd2 Qc8 12. b3 Re8 13. Rac1 b6 14. Rc2 Bc6 15.
Nxc6 Nxc6 16. Nd5 Qb7 17. Nxf6+ Bxf6 18. f4 Rad8 19. g4 Bg7 20. Bf3 e5 21. f5
Nd4 22. Rcc1 Nxf3+ 23. Rxf3 Qxe4 24. Rcf1 d5 25. fxg6 fxg6 26. cxd5 Rxd5 27.
Qg2 Qd3 28. Bh6 Bxh6 29. Rxd3 Rxd3 30. Qc6 Rdd8 31. Re1 Bf4 32. h4 Re7 33. Qf6
Red7 34. Qe6+ Kf8 35. Qf6+ Kg8 1/2-1/2

[Event "Manfred-Bosbach-Turnier/44.OStM"]
[Site "Bergisch Gladbach"]
[Date "2024.09.27"]
[Round "6.3"]
[White "Nichte, Philipp"]
[Black "Harringer, Manfred"]
[Result "0-1"]
[WhiteElo "1754"]
[BlackElo "1960"]
[PlyCount "82"]
[EventDate "2024.??.??"]
[EventType "swiss"]
[EventRounds "7"]
[SourceVersionDate "2024.08.26"]

1. e4 e5 2. Nf3 Nc6 3. Bc4 Nf6 4. d3 Bc5 5. O-O a6 6. a4 h6 7. c3 Ba7 8. Qe2
O-O 9. Nbd2 Re8 10. Ba2 d6 11. Nc4 Be6 12. Ne3 Ne7 13. Bxe6 fxe6 14. Nc2 Ng6
15. d4 exd4 16. cxd4 Qd7 17. Be3 Qc6 18. e5 Nd5 19. Rfc1 Qd7 20. Qd2 Qf7 21.
Nb4 Ngf4 22. Bxf4 Nxf4 23. Ra3 Rf8 24. Re3 c5 25. Nc2 d5 26. g3 Qg6 27. Kh1 Nh3
28. Rf1 Qg4 29. Nfe1 cxd4 30. Rd3 Qf5 31. f4 Ng5 32. Nxd4 Bxd4 33. Rxd4 Ne4 34.
Qe3 Rac8 35. Nf3 Rc2 36. Nd2 Qh3 37. Kg1 Rfc8 38. Rd3 Rxb2 39. f5 exf5 40. Rxd5
Rcc2 41. Rd1 Nxd2 0-1

[Event "Manfred-Bosbach-Turnier/44.OStM"]
[Site "Bergisch Gladbach"]
[Date "2024.09.27"]
[Round "6.4"]
[White "Rosenauer, Horst"]
[Black "Lobbes, Frank"]
[Result "1-0"]
[WhiteElo "1863"]
[BlackElo "1808"]
[PlyCount "63"]
[EventDate "2024.??.??"]
[EventType "swiss"]
[EventRounds "7"]
[SourceVersionDate "2024.08.26"]

1. e4 e5 2. Nf3 Nc6 3. Bb5 a6 4. Ba4 Nf6 5. d3 b5 6. Bb3 h6 7. a4 Bb7 8. O-O
Bc5 9. Nc3 b4 10. Ne2 d6 11. Ng3 g6 12. a5 Qe7 13. c3 O-O-O 14. Qe2 Kb8 15. Bc4
d5 16. exd5 Nxd5 17. Bd2 f5 18. Rfd1 Qf6 19. Ra4 Rhe8 20. Bxh6 Nf4 21. Qc2 Rd7
22. d4 Nh3+ 23. gxh3 Nxd4 24. Nxd4 exd4 25. cxd4 Bxd4 26. Rxb4 Bb6 27. axb6 c5
28. Bf4+ Kc8 29. Rxd7 Kxd7 30. Qd3+ Kc8 31. Bxa6 Re1+ 32. Nf1 1-0

[Event "Manfred-Bosbach-Turnier/44.OStM"]
[Site "Bergisch Gladbach"]
[Date "2024.09.27"]
[Round "6.8"]
[White "Steinhausen, Karl-Heinz"]
[Black "Müller, Andreas"]
[Result "0-1"]
[WhiteElo "1035"]
[BlackElo "1754"]
[PlyCount "72"]
[EventDate "2024.??.??"]
[EventType "swiss"]
[EventRounds "7"]
[SourceVersionDate "2024.08.26"]

1. e4 c5 2. d3 g6 3. g3 Bg7 4. Bg2 Nc6 5. Nd2 d6 6. c3 e6 7. Ngf3 Nge7 8. O-O
O-O 9. Re1 Rb8 10. Qc2 b5 11. a3 a5 12. Rb1 Bd7 13. c4 b4 14. axb4 Nxb4 15. Qd1
Nxd3 16. Re3 Nxb2 17. Bxb2 Rxb2 18. Rb3 Ra2 19. Qc1 Ba4 20. Ra3 Bb2 21. Rxb2
Rxa3 22. Rb8 Qxb8 23. Qxa3 Qb4 24. Qa1 Bb3 25. Bf1 Nc6 26. Qc1 a4 27. Nb1 Nd4
28. Kg2 Nxf3 29. Kxf3 d5 30. Bd3 Bxc4 31. Bc2 dxe4+ 32. Bxe4 Bd5 33. Nc3 Qd4
34. Qc2 Rb8 35. Bxd5 exd5 36. Kg2 Rb4 0-1

[Event "Manfred-Bosbach-Turnier/44.OStM"]
[Site "Bergisch Gladbach"]
[Date "2024.09.27"]
[Round "6.9"]
[White "Klein, Dieter"]
[Black "Zimmermann, Wolfgang"]
[Result "1-0"]
[WhiteElo "1498"]
[BlackElo "1164"]
[PlyCount "55"]
[EventDate "2024.??.??"]
[EventType "swiss"]
[EventRounds "7"]
[SourceVersionDate "2024.08.26"]

1. e4 c5 2. d4 cxd4 3. c3 dxc3 4. Nxc3 e6 5. Nf3 Be7 6. Bc4 a6 7. e5 Qc7 8. Qe2
b5 9. Bd3 Bb7 10. O-O Bb4 11. Bd2 Ne7 12. Nxb5 axb5 13. Bxb4 Bc6 14. Rfc1 Qb6
15. Bc5 Qb7 16. Bxe7 Kxe7 17. Qe3 h6 18. b4 Qa7 19. Nd4 Rd8 20. Qf4 Qb7 21. Qg3
Kf8 22. Bf1 Na6 23. a3 Nc7 24. Qc3 Rac8 25. Nxc6 dxc6 26. Qc5+ Kg8 27. Qxc6 Rd5
28. Qxb7 1-0

[Event "Manfred-Bosbach-Turnier/44.OStM"]
[Site "Bergisch Gladbach"]
[Date "2024.09.27"]
[Round "6.10"]
[White "Ehmann, Florian"]
[Black "Schneider, Erich"]
[Result "1-0"]
[WhiteElo "1254"]
[BlackElo "1289"]
[PlyCount "143"]
[EventDate "2024.??.??"]
[EventType "swiss"]
[EventRounds "7"]
[SourceVersionDate "2024.08.26"]

1. e4 c5 2. Nf3 g6 3. d4 cxd4 4. Nxd4 Bg7 5. Be3 Nf6 6. Nc3 Nc6 7. Nxc6 bxc6 8.
Bc4 O-O 9. h4 e6 10. Qd6 Ne8 11. Qg3 d5 12. O-O-O Qa5 13. Bb3 Nf6 14. e5 Nd7
15. h5 Nxe5 16. hxg6 fxg6 17. Bh6 Nf7 18. Bd2 Qb6 19. Rxh7 Kxh7 20. Rh1+ Nh6
21. Qh4 Qxf2 22. Qg5 Qf6 23. Rxh6+ Bxh6 24. Qxh6+ Kg8 25. Bg5 Qg7 26. Qh4 Rf1+
27. Nd1 Ba6 28. Qg4 Qf7 29. c3 Qf5 30. Qg3 Kg7 31. Qc7+ Qf7 32. Qxc6 Qb7 33.
Qxe6 Bc4 34. Bxc4 dxc4 35. Qxc4 Raf8 36. Qd4+ Kg8 37. Qg4 Qf7 38. Be3 Qf5 39.
Qxf5 R8xf5 40. Bxa7 Rd5 41. Bd4 Rh5 42. Kc2 Rhh1 43. Ne3 Re1 44. Kb3 Kf7 45. a4
Rh4 46. g4 Re2 47. a5 Rhh2 48. Nc4 Re6 49. Kb4 Rh1 50. Kb5 Ra1 51. b4 Ke7 52.
Nb6 Kd8 53. c4 Kc7 54. Nd5+ Kb7 55. Nc3 Ra3 56. Na4 Rd6 57. Bb6 Rf6 58. Nc5+
Ka8 59. a6 Rg3 60. Nd7 Rd6 61. Nc5 Rxg4 62. Na4 Rg5+ 63. c5 Re6 64. Ka5 Rf5 65.
Nc3 g5 66. Nb5 Re7 67. Nc7+ Rxc7 68. Bxc7 g4 69. Bd6 Rd5 70. b5 Rd3 71. b6 Rd5
72. b7+ 1-0

[Event "Manfred-Bosbach-Turnier/44.OStM"]
[Site "Bergisch Gladbach"]
[Date "2024.09.27"]
[Round "6.12"]
[White "Limburg, Leonhard"]
[Black "Schüers, Christian"]
[Result "0-1"]
[WhiteElo "1311"]
[BlackElo "1392"]
[PlyCount "88"]
[EventDate "2024.??.??"]
[EventType "swiss"]
[EventRounds "7"]
[SourceVersionDate "2024.08.26"]

1. e4 d6 2. d4 c6 3. Nf3 Nd7 4. Nc3 g6 5. Bc4 e6 6. O-O Bg7 7. Be3 Ne7 8. a3
O-O 9. Qd2 Re8 10. b4 d5 11. exd5 exd5 12. Bb3 Nf5 13. Rae1 Nxe3 14. Rxe3 Nf6
15. Ne5 Be6 16. Qd1 Rc8 17. Ne2 Nd7 18. f4 f5 19. c3 Nf6 20. h3 Ne4 21. Ng3 b6
22. Nxe4 fxe4 23. g4 Bh6 24. g5 Bg7 25. h4 Bxe5 26. fxe5 Bf5 27. Rf2 Qd7 28.
Qe1 Kg7 29. Rf4 Rf8 30. Qg3 b5 31. Re2 a6 32. Ref2 Rcd8 33. Qh2 Qe6 34. Qh1 Qe7
35. Kf1 Ra8 36. Qg1 a5 37. h5 a4 38. hxg6 hxg6 39. Bc2 Rh8 40. Rh2 Rxh2 41.
Qxh2 Qxg5 42. Qf2 Rh8 43. Ke2 Rh3 44. Kd2 e3+ 0-1